| 000 | 00851cam a2200289Mi 4500 | ||
|---|---|---|---|
| 999 |
_c5505 _d5505 |
||
| 001 | 612223266 | ||
| 003 | OCoLC | ||
| 005 | 20190104161633.0 | ||
| 008 | 080725s1980 nju 000 0 eng d | ||
| 010 | _a 81017822 | ||
| 020 | _a0800711122 | ||
| 020 | _a9780800711122 | ||
| 020 | _a0800750438 | ||
| 020 | _a9780800750435 | ||
| 035 | _a(OCoLC)612223266 | ||
| 040 |
_aGyFmHBV _bger _cHEBIS _dCIRBC |
||
| 082 |
_a211.6 _bL183B |
||
| 092 |
_a211.6 _bL183 |
||
| 100 | 1 |
_aLaHaye, Tim F. _4aut |
|
| 245 | 0 | 4 |
_aThe battle for the mind / _cTim LaHaye. |
| 246 | 0 |
_iNebent. _aYou are engaged in the battle for the mind : a subtle warfare |
|
| 246 | 3 | 3 | _aYou are engaged in the battle for the mind : a subtle warfare |
| 260 |
_aOld Tappan, N.J. : _bRevell, _cc 1980. |
||
| 300 |
_a247 S. : _bgraph. Darst. |
||
| 490 | 0 | _aPower Books | |
| 942 |
_2ddc _cBK |
||